[Event "DEM U18 2004"]
[Site "Willingen GER"]
[Date "2004.05.30"]
[Round "1"]
[White "Meinhardt, Maximilian"]
[Black "Lammers, Markus"]
[Result "1-0"]
[Termination "normal"]
[Board "1"]
[WhiteElo "2285"]
[BlackElo "2148"]
[PlyCount "87"]
[WhiteFideId "4668766"]
[BlackFideId "4680847"]
[EventCountry "GER"]
[EventRounds "9"]
[EventType "swiss"]
[EventDate "2004.05.29"]

1. e4 c5 2. Nf3 e6 3. d4 cxd4 4. Nxd4 Nc6 5. Nc3 Qc7 6. g3 a6 7. Bg2 Nf6 8. O-O
Nxd4 9. Qxd4 Bc5 10. Bf4 d6 11. Qd2 h6 12. Rad1 e5 13. Be3 Ke7 14. h3 Be6 15.
Bxc5 Qxc5 16. Kh2 b5 17. Nd5+ Bxd5 18. exd5 Rhe8 19. Rfe1 Kf8 20. Re3 b4 21. c3
Rab8 22. b3 Rec8 23. c4 a5 24. g4 a4 25. Rg3 g5 26. Kg1 Kg7 27. Rf3 Qc7 28. Rf5
Ng8 29. h4 Ne7 30. hxg5 Nxf5 31. gxf5 f6 32. gxf6+ Kh7 33. f4 Re8 34. Re1 Qa7+
35. Qf2 Qxf2+ 36. Kxf2 e4 37. Bxe4 Rb7 38. bxa4 Ra7 39. Kf3 Rxa4 40. f7 Ra3+
41. Kg4 Rf8 42. f6+ Kh8 43. Bg6 Rxa2 44. Rh1 1-0

[Event "DEM U18 2004"]
[Site "Willingen GER"]
[Date "2004.05.30"]
[Round "1"]
[White "Laßan, Christian"]
[Black "Degtiarev, Jewgeni"]
[Result "0-1"]
[Termination "time forfeit"]
[Board "2"]
[WhiteElo "2074"]
[BlackElo "2284"]
[PlyCount "75"]
[WhiteFideId "4685997"]
[BlackFideId "4149610"]
[EventCountry "GER"]
[EventRounds "9"]
[EventType "swiss"]
[EventDate "2004.05.29"]

1. e4 e5 2. Nf3 Nc6 3. Bb5 a6 4. Ba4 Nf6 5. O-O Be7 6. Re1 b5 7. Bb3 d6 8. c3
O-O 9. h3 Na5 10. Bc2 c5 11. d4 Nd7 12. b3 exd4 13. cxd4 Re8 14. Nc3 Bb7 15.
Be3 Rc8 16. Rc1 b4 17. Nd5 Bxd5 18. exd5 g6 19. Bd3 Qb6 20. dxc5 dxc5 21. Nd2
Nf6 22. Nc4 Nxc4 23. bxc4 Bd6 24. Qf3 Nd7 25. Bf4 Qc7 26. Bxd6 Qxd6 27. Bf1 a5
28. Qb3 Nb6 29. Qb2 Qf4 30. Qc2 Qf6 31. Re4 Rxe4 32. Qxe4 Ra8 33. Qd3 Kf8 34.
Qe3 Nd7 35. Qe4 b3 36. d6 Rb8 37. Qc6 bxa2 38. Qxd7 0-1

[Event "DEM U18 2004"]
[Site "Willingen GER"]
[Date "2004.05.30"]
[Round "1"]
[White "Fiebig, Thomas"]
[Black "Döhn, Raphael"]
[Result "1/2-1/2"]
[Termination "normal"]
[Board "3"]
[WhiteElo "2263"]
[BlackElo "2052"]
[PlyCount "98"]
[WhiteFideId "4693922"]
[BlackFideId "4695291"]
[EventCountry "GER"]
[EventRounds "9"]
[EventType "swiss"]
[EventDate "2004.05.29"]

1. e4 c5 2. c3 d5 3. exd5 Qxd5 4. d4 Nf6 5. Nf3 Bg4 6. Nbd2 Nc6 7. Bc4 Bxf3 8.
Qb3 Bxg2 9. Bxd5 Bxd5 10. Qxb7 Nxd4 11. Qa6 Nc2+ 12. Ke2 Nxa1 13. Rd1 Rd8 14.
Qa4+ Rd7 15. Nf3 Bxf3+ 16. Kxf3 e6 17. Bg5 Nd5 18. Rxa1 Bd6 19. Qc6 Ne7 20.
Qa8+ Rd8 21. Qxa7 f6 22. Be3 O-O 23. Bxc5 Nc6 24. Qb6 Ne5+ 25. Ke2 Bxc5 26.
Qxc5 Rd5 27. Qe7 Rfd8 28. a4 Nd3 29. b4 Nf4+ 30. Kf3 e5 31. Re1 Kh8 32. b5 Ng6
33. Qb4 f5 34. Qb1 e4+ 35. Ke2 Nf4+ 36. Kf1 Rd2 37. b6 e3 38. fxe3 Nh3 39. Qxf5
Rxh2 40. b7 Rh1+ 41. Kg2 Rxe1 42. Qc8 Nf4+ 43. Kf2 Nd3+ 44. Kg2 Re2+ 45. Kf3
Rf2+ 46. Kg4 Ne5+ 47. Kh4 Rff8 48. Qc7 Rde8 49. Kg3 Re6 1/2-1/2

[Event "DEM U18 2004"]
[Site "Willingen GER"]
[Date "2004.05.30"]
[Round "1"]
[White "Röber, Jürgen"]
[Black "Koller, Jens"]
[Result "0-1"]
[Termination "normal"]
[Board "4"]
[WhiteElo "2048"]
[BlackElo "2256"]
[PlyCount "76"]
[WhiteFideId "4697090"]
[BlackFideId "4680952"]
[EventCountry "GER"]
[EventRounds "9"]
[EventType "swiss"]
[EventDate "2004.05.29"]

1. e4 c5 2. c3 Nf6 3. e5 Nd5 4. d4 cxd4 5. Nf3 e6 6. cxd4 b6 7. Nc3 Nxc3 8.
bxc3 Qc7 9. Bd2 Bb7 10. Bd3 d6 11. O-O Nd7 12. Qe2 dxe5 13. Nxe5 Nxe5 14. dxe5
Bc5 15. a4 O-O 16. Kh1 Be7 17. a5 Rfd8 18. axb6 Qd7 19. Be4 Bxe4 20. Qxe4 Qxd2
21. Rxa7 Rxa7 22. bxa7 Qa2 23. Qb7 Qa3 24. Rb1 Bc5 25. Qc7 Rf8 26. a8=Q Rxa8
27. Rb8+ Rxb8 28. Qxb8+ Bf8 29. g3 Qxc3 30. f4 Qf3+ 31. Kg1 h5 32. Qd8 h4 33.
gxh4 Qxf4 34. Qb8 Qxh4 35. Kg2 Qg4+ 36. Kf1 Qf4+ 37. Kg2 f6 38. Qe8 Qxe5 0-1

[Event "DEM U18 2004"]
[Site "Willingen GER"]
[Date "2004.05.30"]
[Round "1"]
[White "Heinz, Axel"]
[Black "Roggon, Jacob"]
[Result "1-0"]
[Termination "normal"]
[Board "5"]
[WhiteElo "2244"]
[BlackElo "2041"]
[PlyCount "107"]
[WhiteFideId "4667557"]
[BlackFideId "4689550"]
[EventCountry "GER"]
[EventRounds "9"]
[EventType "swiss"]
[EventDate "2004.05.29"]

1. e4 c6 2. d4 d5 3. e5 Bf5 4. Be3 e6 5. Nd2 h6 6. Be2 Nd7 7. f4 Rc8 8. Ngf3 c5
9. c4 Ne7 10. O-O Bh7 11. Bf2 cxd4 12. Nxd4 a6 13. Bh5 g6 14. Bf3 Nb6 15. Rc1
Bg7 16. Qb3 Nxc4 17. Nxc4 dxc4 18. Rxc4 b5 19. Rxc8 Qxc8 20. a4 O-O 21. axb5
axb5 22. Nxb5 g5 23. g3 gxf4 24. gxf4 Nf5 25. Nd4 Kh8 26. Qc3 Qa6 27. Nxf5 Bxf5
28. Rd1 Rg8 29. Kh1 Qa4 30. Qe3 Bf8 31. Rg1 Rxg1+ 32. Bxg1 Qa1 33. Qd4 Qf1 34.
Bg2 Qb5 35. h3 Qb3 36. Kh2 Kg8 37. Bf2 Be7 38. Qc3 Qa4 39. Be3 Qd7 40. b4 Qb5
41. Bc5 Bh4 42. Qf3 Qc4 43. Bf1 Qc1 44. Be3 Qb1 45. b5 Be1 46. b6 Be4 47. Qe2
Ba5 48. Bg2 Kh8 49. Bxe4 Qxe4 50. Qf2 Qb4 51. Bd4 Kh7 52. f5 Qb3 53. f6 Qd5 54.
Qg3 1-0

[Event "DEM U18 2004"]
[Site "Willingen GER"]
[Date "2004.05.30"]
[Round "1"]
[White "Schulenburg, Fabian"]
[Black "Krämer, Martin"]
[Result "1/2-1/2"]
[Termination "normal"]
[Board "6"]
[WhiteElo "2030"]
[BlackElo "2243"]
[PlyCount "92"]
[BlackFideId "4671910"]
[EventCountry "GER"]
[EventRounds "9"]
[EventType "swiss"]
[EventDate "2004.05.29"]

1. e4 c5 2. Nf3 Nc6 3. d4 cxd4 4. Nxd4 Nf6 5. Nc3 d6 6. Be3 e5 7. Nb3 Be6 8. f3
Be7 9. Qd2 a5 10. Bb5 O-O 11. Qf2 Qb8 12. O-O-O Rc8 13. g4 a4 14. Bxa4 Nb4 15.
g5 Nh5 16. a3 Rxa4 17. axb4 Rxb4 18. Kd2 Nf4 19. Bxf4 exf4 20. h4 Bd8 21. Qh2
Bc7 22. g6 Qa7 23. gxf7+ Bxf7 24. Qxf4 Rf8 25. Qg3 Bb6 26. Rh2 Be3+ 27. Ke1
Bxb3 28. Rg2 g6 29. cxb3 Bf4 30. Qg4 Qe3+ 31. Ne2 Be5 32. Qe6+ Kg7 33. Rxd6
Bxd6 34. Qxd6 Qxf3 35. Qe7+ Rf7 36. Qxb4 Qxg2 37. Qd4+ Kh6 38. Qe3+ Kg7 39.
Qd4+ Kh6 40. Qe3+ g5 41. Ng3 Kg7 42. Qxg5+ Kf8 43. Qd8+ Kg7 44. Nf5+ Rxf5 45.
exf5 Qe4+ 46. Kd2 Qb4+ 1/2-1/2

[Event "DEM U18 2004"]
[Site "Willingen GER"]
[Date "2004.05.30"]
[Round "1"]
[White "Eisenbeiser, Amadeus"]
[Black "Trapp, Sascha"]
[Result "1-0"]
[Termination "normal"]
[Board "7"]
[WhiteElo "2229"]
[BlackElo "1950"]
[PlyCount "69"]
[WhiteFideId "4678338"]
[EventCountry "GER"]
[EventRounds "9"]
[EventType "swiss"]
[EventDate "2004.05.29"]

1. e4 c5 2. Nf3 d6 3. c3 Nf6 4. Bd3 g6 5. Bc2 Bg7 6. d4 O-O 7. O-O Bg4 8. Be3
cxd4 9. cxd4 Nc6 10. Nbd2 a6 11. Rc1 Rc8 12. h3 Bxf3 13. Nxf3 Nd7 14. Bb1 b5
15. b3 e6 16. d5 exd5 17. Qxd5 Nf6 18. Qd3 Ne5 19. Qe2 Re8 20. Nd4 Rxc1 21.
Rxc1 Qa8 22. f3 Rc8 23. Rxc8+ Qxc8 24. Qc2 Qxc2 25. Bxc2 Ne8 26. Kf1 Nc7 27.
Bd1 Ne6 28. Nxe6 fxe6 29. Be2 Nc6 30. a4 bxa4 31. bxa4 Nb4 32. Bb6 Bc3 33. Ba5
Na2 34. Bc7 a5 35. Bc4 1-0

[Event "DEM U18 2004"]
[Site "Willingen GER"]
[Date "2004.05.30"]
[Round "1"]
[White "Engelmann, Jakob"]
[Black "Lohr, Matthias"]
[Result "1-0"]
[Termination "normal"]
[Board "8"]
[WhiteElo "1909"]
[BlackElo "2182"]
[PlyCount "71"]
[WhiteFideId "24619019"]
[BlackFideId "4692772"]
[EventCountry "GER"]
[EventRounds "9"]
[EventType "swiss"]
[EventDate "2004.05.29"]

1. e4 c5 2. Nc3 e6 3. g3 d5 4. exd5 exd5 5. d4 Nf6 6. Bg2 cxd4 7. Qxd4 Nc6 8.
Qd3 Nb4 9. Qe2+ Be7 10. Nf3 O-O 11. O-O Bf5 12. Nd4 Bg6 13. a3 Nc6 14. Be3 Qd7
15. h3 Ne4 16. Nxe4 dxe4 17. Rfd1 Bf6 18. c3 Ne5 19. Nb3 Qc6 20. Bd4 Rfe8 21.
Nd2 Nd7 22. Bxf6 Nxf6 23. Nf1 Bf5 24. Rd4 h5 25. h4 Rad8 26. Rad1 Bg4 27. Qd2
Rxd4 28. Qxd4 Bxd1 29. Qxd1 Qb6 30. Qe2 Ng4 31. Bh3 Nf6 32. Bg2 Rd8 33. b4 Qc6
34. Qe3 b6 35. Nd2 Rd3 36. Qxd3 1-0

[Event "DEM U18 2004"]
[Site "Willingen GER"]
[Date "2004.05.30"]
[Round "1"]
[White "Jovalekic, Oliver"]
[Black "Peters, Stefan"]
[Result "1-0"]
[Termination "normal"]
[Board "9"]
[WhiteElo "2164"]
[BlackElo "1892"]
[PlyCount "75"]
[WhiteFideId "4682530"]
[EventCountry "GER"]
[EventRounds "9"]
[EventType "swiss"]
[EventDate "2004.05.29"]

1. e4 c5 2. Nf3 d6 3. d4 cxd4 4. Nxd4 Nf6 5. Nc3 a6 6. Qf3 e6 7. g4 Qb6 8. Nb3
Nc6 9. g5 Nd7 10. Qh3 Nb4 11. Bd3 Ne5 12. O-O Be7 13. Qg3 O-O 14. Be3 Qc7 15.
Rad1 b5 16. a3 Nbxd3 17. cxd3 Ng6 18. f4 f5 19. h4 Bb7 20. h5 Nh8 21. Rd2 g6
22. Rh2 gxh5 23. Rxh5 Rf7 24. Nd4 fxe4 25. dxe4 Bc8 26. f5 e5 27. Nf3 Bb7 28.
f6 Bf8 29. Nh4 Ng6 30. Rf2 d5 31. exd5 Nf4 32. Rxf4 exf4 33. Bxf4 Qb6+ 34. Kh2
Qd4 35. Nf5 Qc4 36. g6 hxg6 37. Qxg6+ Bg7 38. Nh6+ 1-0

[Event "DEM U18 2004"]
[Site "Willingen GER"]
[Date "2004.05.30"]
[Round "1"]
[White "Steinbrügge, Rene"]
[Black "Walter, Stefan"]
[Result "0-1"]
[Termination "normal"]
[Board "10"]
[WhiteElo "1866"]
[BlackElo "2157"]
[PlyCount "76"]
[BlackFideId "4686608"]
[EventCountry "GER"]
[EventRounds "9"]
[EventType "swiss"]
[EventDate "2004.05.29"]

1. e4 e5 2. f4 exf4 3. Nf3 d5 4. exd5 Nf6 5. Bc4 Nxd5 6. O-O Be6 7. Qe2 c6 8.
d4 Bd6 9. Nc3 O-O 10. Nxd5 cxd5 11. Bb3 Nc6 12. c3 Qc7 13. Ng5 Rae8 14. Qh5 h6
15. Bc2 Re7 16. Nxe6 fxe6 17. Qg6 Rf6 18. Qh7+ Kf8 19. g3 Ke8 20. Bxf4 Bxf4 21.
gxf4 Rxf4 22. Qg6+ Kd7 23. Rxf4 Qxf4 24. Rf1 Qe3+ 25. Kg2 a6 26. Rf7 Rxf7 27.
Qxf7+ Ne7 28. Qf1 Qd2+ 29. Qf2 Qxf2+ 30. Kxf2 e5 31. dxe5 Ke6 32. Kf3 Kxe5 33.
h4 h5 34. Bd3 Nf5 35. Bxf5 Kxf5 36. b3 b6 37. a4 b5 38. axb5 axb5 0-1

[Event "DEM U18 2004"]
[Site "Willingen GER"]
[Date "2004.05.30"]
[Round "1"]
[White "Werner, Daniel"]
[Black "Sbierski, Jan"]
[Result "1-0"]
[Termination "normal"]
[Board "11"]
[WhiteElo "2157"]
[BlackElo "1859"]
[PlyCount "59"]
[WhiteFideId "4662814"]
[EventCountry "GER"]
[EventRounds "9"]
[EventType "swiss"]
[EventDate "2004.05.29"]

1. e4 Nf6 2. Nc3 d5 3. exd5 Nxd5 4. Bc4 Nb6 5. Bb3 Nc6 6. Nf3 Bf5 7. O-O e6 8.
d4 Be7 9. Bf4 Nb4 10. Be5 O-O 11. Nb5 Na6 12. Qe2 c6 13. Nc3 Nc7 14. Rad1 Bf6
15. Ne4 Bxe4 16. Qxe4 Ncd5 17. c4 Ne7 18. h4 h5 19. Ng5 Ng6 20. f4 Bxg5 21.
fxg5 Nxe5 22. dxe5 Qe7 23. g6 fxg6 24. Qxg6 Qc5+ 25. Kh1 Qxe5 26. Bc2 Rf6 27.
Qh7+ Kf8 28. c5 Qxc5 29. Rxf6+ gxf6 30. Bg6 1-0

[Event "DEM U18 2004"]
[Site "Willingen GER"]
[Date "2004.05.30"]
[Round "1"]
[White "Mischke, Christian"]
[Black "Holzschuh, Stephan"]
[Result "1/2-1/2"]
[Termination "normal"]
[Board "12"]
[WhiteElo "1782"]
[BlackElo "2153"]
[PlyCount "86"]
[BlackFideId "4677471"]
[EventCountry "GER"]
[EventRounds "9"]
[EventType "swiss"]
[EventDate "2004.05.29"]

1. d4 Nf6 2. Nf3 g6 3. c3 Bg7 4. e3 O-O 5. Bd3 d6 6. Nbd2 Nbd7 7. O-O b6 8. e4
e5 9. dxe5 dxe5 10. b4 Bb7 11. Re1 Nc5 12. bxc5 Qxd3 13. Re3 Qd8 14. Qe2 Re8
15. Ba3 Qc8 16. Rb1 Bh6 17. Rd3 Qg4 18. h3 Qe6 19. c4 Nh5 20. Rc3 Nf4 21. Qe1
Rad8 22. Nf1 Qc6 23. cxb6 cxb6 24. N3d2 Rd4 25. Ne3 Rxd2 26. Qxd2 Qxe4 27. Rf1
Nxh3+ 28. Kh2 Ng5 29. f3 Qh4+ 30. Kg1 Qg3 31. Kh1 Nxf3 32. gxf3 Bxf3+ 33. Rxf3
Qxf3+ 34. Qg2 Qxg2+ 35. Kxg2 Bxe3 36. Rxe3 f5 37. Bd6 e4 38. Ra3 e3 39. Kf1 g5
40. c5 bxc5 41. Bxc5 f4 42. Rxa7 h5 43. Re7 Rxe7 1/2-1/2

[Event "DEM U18 2004"]
[Site "Willingen GER"]
[Date "2004.05.30"]
[Round "1"]
[White "Postojev, Alexander"]
[Black "Willert, Christof"]
[Result "1-0"]
[Termination "normal"]
[Board "13"]
[WhiteElo "2150"]
[BlackElo "1673"]
[PlyCount "59"]
[WhiteFideId "4672186"]
[EventCountry "GER"]
[EventRounds "9"]
[EventType "swiss"]
[EventDate "2004.05.29"]

1. d4 d5 2. c4 e6 3. Nf3 Be7 4. g3 Nf6 5. Bg2 O-O 6. O-O c6 7. b3 Nbd7 8. Bb2
Re8 9. Qc2 Bd6 10. Nc3 dxc4 11. bxc4 e5 12. e3 Rb8 13. Rfd1 Qe7 14. Rd2 Bc7 15.
Rad1 exd4 16. exd4 Nb6 17. Qb3 Bf5 18. d5 cxd5 19. cxd5 Red8 20. Ba3 Bd6 21.
Bxd6 Rxd6 22. Nd4 Bg6 23. Ndb5 Rd7 24. Nxa7 Qd8 25. Rb2 Nc8 26. Nxc8 Qxc8 27.
Bh3 Bh5 28. Rd4 Qc5 29. Rc4 Qe7 30. Bxd7 1-0

[Event "DEM U18 2004"]
[Site "Willingen GER"]
[Date "2004.05.30"]
[Round "2"]
[White "Jovalekic, Oliver"]
[Black "Meinhardt, Maximilian"]
[Result "0-1"]
[Termination "normal"]
[Board "1"]
[WhiteElo "2164"]
[BlackElo "2285"]
[PlyCount "106"]
[WhiteFideId "4682530"]
[BlackFideId "4668766"]
[EventCountry "GER"]
[EventRounds "9"]
[EventType "swiss"]
[EventDate "2004.05.29"]

1. e4 e6 2. d4 d5 3. Nc3 Bb4 4. exd5 exd5 5. Bd3 Nc6 6. a3 Bxc3+ 7. bxc3 Nf6 8.
Ne2 O-O 9. Bg5 Bg4 10. O-O Qd6 11. f3 Bh5 12. Nf4 Bg6 13. Nxg6 hxg6 14. Qd2 Na5
15. Rfe1 Rfe8 16. Bxf6 Qxf6 17. Rxe8+ Rxe8 18. Re1 Kf8 19. Rxe8+ Kxe8 20. Kf1
Qd6 21. Qg5 c6 22. g3 Kd7 23. Qc1 b6 24. Qb2 Kc7 25. Qb4 g5 26. Ke2 f6 27. Ke3
c5 28. dxc5 Qxc5+ 29. Kd2 Nc6 30. Qxc5 bxc5 31. c4 d4 32. c3 Ne5 33. cxd4 Nxf3+
34. Ke3 Nxd4 35. h4 gxh4 36. gxh4 Kd6 37. Kf4 Ke6 38. Be4 f5 39. Bd5+ Kf6 40.
Bb7 Ne6+ 41. Kf3 Ke5 42. Bd5 Nd4+ 43. Kg3 a5 44. a4 Ne2+ 45. Kf3 Nc3 46. Bc6
Ne4 47. Bd5 g5 48. hxg5 Nxg5+ 49. Kg3 Ne4+ 50. Kf3 Kd4 51. Kf4 Nd6 52. Be6 Nxc4
53. Bxf5 Nb6 0-1

[Event "DEM U18 2004"]
[Site "Willingen GER"]
[Date "2004.05.30"]
[Round "2"]
[White "Degtiarev, Jewgeni"]
[Black "Werner, Daniel"]
[Result "1-0"]
[Termination "normal"]
[Board "2"]
[WhiteElo "2284"]
[BlackElo "2157"]
[PlyCount "105"]
[WhiteFideId "4149610"]
[BlackFideId "4662814"]
[EventCountry "GER"]
[EventRounds "9"]
[EventType "swiss"]
[EventDate "2004.05.29"]

1. d4 Nf6 2. c4 e6 3. Nc3 Bb4 4. e3 d5 5. Bd3 O-O 6. a3 Be7 7. Nge2 b6 8. cxd5
exd5 9. O-O Bb7 10. Bd2 Nbd7 11. Ng3 Re8 12. Nf5 Bf8 13. g4 Ne4 14. f3 Nxd2 15.
Qxd2 g6 16. Ng3 c5 17. Rae1 Qg5 18. Nb5 Rad8 19. Qf2 a5 20. h3 Ba6 21. f4 Qf6
22. g5 Qc6 23. Na7 Qb7 24. Bxa6 Qxa7 25. Bb5 cxd4 26. exd4 Bd6 27. Qf3 Rxe1 28.
Rxe1 Qc7 29. Ne2 Nf8 30. Rc1 Qe7 31. Nc3 Bb8 32. Kf2 Qd6 33. Ne2 Qe6 34. Rc6
Rd6 35. Rc3 Qf5 36. a4 f6 37. Bd3 Qd7 38. Bb5 Qe7 39. Rc8 Bc7 40. gxf6 Rxf6 41.
Qxd5+ Kg7 42. Re8 Qf7 43. Qxf7+ Kxf7 44. Re4 g5 45. Bc4+ Kg6 46. Ke3 h6 47.
fxg5 hxg5 48. h4 gxh4 49. Rxh4 Ne6 50. Bxe6 Rxe6+ 51. Re4 Rf6 52. Nc3 Kf7 53.
Nd5 1-0

[Event "DEM U18 2004"]
[Site "Willingen GER"]
[Date "2004.05.30"]
[Round "2"]
[White "Koller, Jens"]
[Black "Postojev, Alexander"]
[Result "0-1"]
[Termination "normal"]
[Board "3"]
[WhiteElo "2256"]
[BlackElo "2150"]
[PlyCount "32"]
[WhiteFideId "4680952"]
[BlackFideId "4672186"]
[EventCountry "GER"]
[EventRounds "9"]
[EventType "swiss"]
[EventDate "2004.05.29"]

1. e4 c5 2. Nf3 d6 3. d4 cxd4 4. Nxd4 Nf6 5. Nc3 a6 6. Bc4 e6 7. Bb3 Nbd7 8. g4
Nc5 9. f3 b5 10. g5 Nfd7 11. Qe2 Bb7 12. Bd2 Rc8 13. a3 Nxb3 14. Nxb3 Ne5 15.
Nd4 Qb6 16. Qf2 Qxd4 0-1

[Event "DEM U18 2004"]
[Site "Willingen GER"]
[Date "2004.05.30"]
[Round "2"]
[White "Walter, Stefan"]
[Black "Heinz, Axel"]
[Result "1/2-1/2"]
[Termination "normal"]
[Board "4"]
[WhiteElo "2157"]
[BlackElo "2244"]
[PlyCount "65"]
[WhiteFideId "4686608"]
[BlackFideId "4667557"]
[EventCountry "GER"]
[EventRounds "9"]
[EventType "swiss"]
[EventDate "2004.05.29"]

1. d4 Nf6 2. c4 e6 3. Nc3 Bb4 4. Qc2 c5 5. dxc5 Na6 6. a3 Bxc3+ 7. Qxc3 Nxc5 8.
f3 d5 9. cxd5 b6 10. b4 Na4 11. Qb3 b5 12. e4 a6 13. Bd3 O-O 14. Ne2 exd5 15.
e5 Nd7 16. f4 Qh4+ 17. Ng3 Ndb6 18. O-O f6 19. Be4 Be6 20. Bf5 Bxf5 21. Nxf5
Qh5 22. Ng3 Qf7 23. Be3 Nc4 24. Rad1 Nab2 25. Rde1 Nxe3 26. Qxe3 fxe5 27. fxe5
Qe6 28. Nh5 Rxf1+ 29. Rxf1 Nc4 30. Qg3 Qxe5 31. Nf6+ Kh8 32. Qxe5 Nxe5 33. Nxd5
1/2-1/2

[Event "DEM U18 2004"]
[Site "Willingen GER"]
[Date "2004.05.30"]
[Round "2"]
[White "Engelmann, Jakob"]
[Black "Eisenbeiser, Amadeus"]
[Result "0-1"]
[Termination "normal"]
[Board "5"]
[WhiteElo "1909"]
[BlackElo "2229"]
[PlyCount "34"]
[WhiteFideId "24619019"]
[BlackFideId "4678338"]
[EventCountry "GER"]
[EventRounds "9"]
[EventType "swiss"]
[EventDate "2004.05.29"]

1. e4 c5 2. Nc3 e6 3. g3 d5 4. exd5 exd5 5. d4 Nf6 6. Bg5 cxd4 7. Bxf6 Qxf6 8.
Nxd5 Qe6+ 9. Qe2 Bd6 10. O-O-O Nc6 11. Bg2 O-O 12. Qd2 Qf5 13. Nh3 Be6 14. Qg5
Rac8 15. Kb1 Ne5 16. Qd2 Bxd5 17. Bxd5 Qxh3 0-1

[Event "DEM U18 2004"]
[Site "Willingen GER"]
[Date "2004.05.30"]
[Round "2"]
[White "Holzschuh, Stephan"]
[Black "Fiebig, Thomas"]
[Result "1/2-1/2"]
[Termination "normal"]
[Board "6"]
[WhiteElo "2153"]
[BlackElo "2263"]
[PlyCount "57"]
[WhiteFideId "4677471"]
[BlackFideId "4693922"]
[EventCountry "GER"]
[EventRounds "9"]
[EventType "swiss"]
[EventDate "2004.05.29"]

1. e4 e6 2. d3 d5 3. Nd2 Nf6 4. Ngf3 Be7 5. g3 O-O 6. Bg2 c5 7. O-O Nc6 8. Re1
b5 9. e5 Nd7 10. Nf1 a5 11. h4 Ba6 12. N1h2 b4 13. Bf4 Rc8 14. Ng5 Qe8 15. Ng4
Nd4 16. c3 Nb5 17. c4 dxc4 18. dxc4 Nd4 19. Qd3 Bxg5 20. hxg5 f5 21. exf6 gxf6
22. Bd6 fxg5 23. Bxf8 Qxf8 24. Rxe6 Nxe6 25. Qxd7 Bxc4 26. Bd5 Bxd5 27. Qxd5
Re8 28. Re1 Qe7 29. Qe5 1/2-1/2

[Event "DEM U18 2004"]
[Site "Willingen GER"]
[Date "2004.05.30"]
[Round "2"]
[White "Krämer, Martin"]
[Black "Mischke, Christian"]
[Result "1-0"]
[Termination "normal"]
[Board "7"]
[WhiteElo "2243"]
[BlackElo "1782"]
[PlyCount "63"]
[WhiteFideId "4671910"]
[EventCountry "GER"]
[EventRounds "9"]
[EventType "swiss"]
[EventDate "2004.05.29"]

1. Nf3 d5 2. g3 g6 3. Bg2 Bg7 4. d3 Nf6 5. O-O O-O 6. a3 c6 7. Nbd2 Nbd7 8. e4
dxe4 9. dxe4 Qc7 10. Qe2 e5 11. b3 b6 12. Bb2 a5 13. Rfd1 Ba6 14. Qe3 h6 15. h3
Rfd8 16. Bf1 Bxf1 17. Kxf1 b5 18. Kg2 Nh7 19. Nf1 f6 20. Bc3 Bf8 21. a4 b4 22.
Bb2 Ng5 23. h4 Ne6 24. h5 g5 25. N3h2 Ndc5 26. Qf3 Qf7 27. Ng4 Kg7 28. Nfe3 Rd7
29. Nf5+ Kh7 30. Nfxh6 Qg7 31. Rxd7 Nxd7 32. Qf5+ 1-0

[Event "DEM U18 2004"]
[Site "Willingen GER"]
[Date "2004.05.30"]
[Round "2"]
[White "Döhn, Raphael"]
[Black "Schulenburg, Fabian"]
[Result "1/2-1/2"]
[Termination "normal"]
[Board "8"]
[WhiteElo "2052"]
[BlackElo "2030"]
[PlyCount "41"]
[WhiteFideId "4695291"]
[EventCountry "GER"]
[EventRounds "9"]
[EventType "swiss"]
[EventDate "2004.05.29"]

1. e4 d5 2. exd5 Qxd5 3. Nc3 Qa5 4. d4 c6 5. Nf3 Nf6 6. Bc4 Bf5 7. Bd2 e6 8.
Qe2 Bb4 9. O-O-O Nbd7 10. a3 Bxc3 11. Bxc3 Qc7 12. Ne5 h5 13. Nxd7 Kxd7 14. Kb1
Nd5 15. Bd2 Rad8 16. h4 Kc8 17. f3 Bg6 18. Qe5 Qxe5 19. dxe5 b5 20. Bb3 c5 21.
Bxd5 1/2-1/2

[Event "DEM U18 2004"]
[Site "Willingen GER"]
[Date "2004.05.30"]
[Round "2"]
[White "Lohr, Matthias"]
[Black "Trapp, Sascha"]
[Result "1-0"]
[Termination "normal"]
[Board "9"]
[WhiteElo "2182"]
[BlackElo "1950"]
[PlyCount "99"]
[WhiteFideId "4692772"]
[EventCountry "GER"]
[EventRounds "9"]
[EventType "swiss"]
[EventDate "2004.05.29"]

1. d4 Nf6 2. c4 g6 3. Nc3 Bg7 4. e4 d6 5. g3 O-O 6. Bg2 e5 7. d5 Nbd7 8. Nge2
a5 9. h3 Nc5 10. b3 Nh5 11. O-O f5 12. f3 Bd7 13. Bb2 f4 14. g4 Ng3 15. Nxg3
fxg3 16. Bc1 h5 17. Be3 Qh4 18. Qe2 Rf4 19. Qd2 hxg4 20. fxg4 Rxg4 21. Rf3 Nxe4
22. Nxe4 Rxe4 23. Bg5 Qh5 24. Rxg3 Re2 25. Qc3 Rxg2+ 26. Kxg2 Rf8 27. Qe3 Bf5
28. Re1 b6 29. Qe2 Bxh3+ 30. Rxh3 Qxg5+ 31. Rg3 Qf5 32. Rf1 Qxf1+ 33. Qxf1 Rxf1
34. Kxf1 Kf7 35. Ke2 Bh6 36. Kf3 Kf6 37. Ke4 Bf4 38. Rh3 Kg7 39. Rh1 Bd2 40. a3
Bg5 41. Kd3 Bf6 42. Ke4 Bg5 43. b4 axb4 44. axb4 Bd2 45. b5 Ba5 46. Rh2 Bb4 47.
Kd3 Be1 48. Ra2 Ba5 49. Rxa5 bxa5 50. c5 1-0

[Event "DEM U18 2004"]
[Site "Willingen GER"]
[Date "2004.05.30"]
[Round "2"]
[White "Lammers, Markus"]
[Black "Peters, Stefan"]
[Result "1-0"]
[Termination "normal"]
[Board "10"]
[WhiteElo "2148"]
[BlackElo "1892"]
[PlyCount "43"]
[WhiteFideId "4680847"]
[EventCountry "GER"]
[EventRounds "9"]
[EventType "swiss"]
[EventDate "2004.05.29"]

1. d4 d5 2. c4 e6 3. Nf3 Nf6 4. g3 Be7 5. Bg2 O-O 6. O-O Nbd7 7. cxd5 exd5 8.
Nc3 Nb6 9. Ne5 Be6 10. h3 Qc8 11. g4 h5 12. g5 Bxh3 13. gxf6 gxf6 14. Bxh3 Qxh3
15. Qd3 Qe6 16. Nf3 Bd6 17. Nh4 Kh8 18. Qf5 Rg8+ 19. Kh1 Rg4 20. Qxh5+ Kg7 21.
Nf5+ Qxf5 22. Bh6+ 1-0

[Event "DEM U18 2004"]
[Site "Willingen GER"]
[Date "2004.05.30"]
[Round "2"]
[White "Sbierski, Jan"]
[Black "Laßan, Christian"]
[Result "0-1"]
[Termination "normal"]
[Board "11"]
[WhiteElo "1859"]
[BlackElo "2074"]
[PlyCount "88"]
[BlackFideId "4685997"]
[EventCountry "GER"]
[EventRounds "9"]
[EventType "swiss"]
[EventDate "2004.05.29"]

1. d4 d5 2. Nc3 Nf6 3. Bg5 Nbd7 4. Nf3 e6 5. e3 Be7 6. Bd3 b6 7. O-O Bb7 8. Ne5
Nxe5 9. dxe5 Nd7 10. Bxe7 Qxe7 11. f4 a6 12. a3 c5 13. Qg4 g6 14. b3 Rc8 15. a4
O-O 16. Qe2 Nb8 17. Rfd1 f6 18. exf6 Qxf6 19. Na2 e5 20. fxe5 Qxe5 21. Rf1 Rce8
22. Rxf8+ Rxf8 23. Re1 Kg7 24. Nc1 Re8 25. Kh1 Re7 26. c4 dxc4 27. Bxc4 Qg5 28.
Qf2 Nd7 29. Nd3 Nf6 30. Nf4 Qe5 31. Nd3 Qg5 32. Nf4 Qe5 33. Nd3 Qd6 34. Qf4 Qc6
35. Re2 b5 36. axb5 axb5 37. Ne5 Qe8 38. Rf2 Nh5 39. Bf7 Nxf4 40. Bxe8 Rxe5 41.
Bxb5 Nxg2 42. Rxg2 Rxe3 43. Kg1 Bxg2 44. Kxg2 Rxb3 0-1